Statistiques concernant Prénoms de explorateurs

Cliquez ici pour prendre le quiz!

Statistiques générales

  • Ce quiz a été pris 78 fois
    (26 depuis la dernière actualisation)
  • Le résultat moyen est 10 sur 24

Statistiques - réponses

Prénom Nom de famille % Correct
MarcoPolo
96%
ChristopheColumbus
91%
Vascoda Gama
91%
NeilArmstrong
83%
YouriGagarin
83%
AmerigoVespucci
78%
Jacques-YvesCousteau
65%
JamesCook
61%
JohnCabot
61%
DavyCrockett
57%
AmeliaEarhart
43%
FerdinandMagellan
26%
HenryHudson
17%
LeifErikson
17%
DanielBoone
17%
EdmundHillary
17%
RobertPeary
17%
WilliamClark
17%
GeorgeVancouver
9%
VitusBering
9%
RoaldAmundsen
4%
AbelTasman
4%
BartolomeuDias
4%
MeriwetherLewis
0%

Distribution des résultats

Percentile par nombre de réponses

% des personnes avec chaque résultat

Votre développement - résultats

Vous n’avez pas pris ce quiz depuis la dernière actualisation